Music Quiz

Random Music or Artist Quiz

Country Music Artists Quiz Stats

 Plays Quiz Updated Jan 26, 2014

Challenge
Share
Tweet
Score 0/25 Timer 05:00
3 Plays Today
% Correct
Keith Urban
94.2%
Miranda Lambert
88.9%
Kenny Chesney
81.1%
Brad Paisley
78.4%
Blake Shelton
77.2%
Tim McGraw
72.8%
Rascal Flatts
71.2%
Brooks & Dunn
70.2%
Reba McEntire
66.3%
Sugarland
61.5%
Hunter Hayes
61.5%
Dierks Bentley
58.9%
Little Big Town
57.5%
% Correct
Zac Brown Band
53.4%
Eric Church
53.3%
Randy Travis
53.3%
Hank Williams Jr.
52.7%
Jake Owen
51.1%
Gretchen Wilson
42.9%
Trisha Yearwood
42.9%
Martina McBride
38.2%
Thompson Square
36.7%
Eli Young Band
32.9%
Jamey Johnson
26.3%
Lee Ann Womack
22.6%

You're not logged in!

Compare scores with friends on all Sporcle quizzes.
OR
Log In

You Might Also Like...

Show Comments

Extras

Top Quizzes Today


Score Distribution

Your Account Isn't Verified!

In order to create a playlist on Sporcle, you need to verify the email address you used during registration. Go to your Sporcle Settings to finish the process.

Report this User

Report this user for behavior that violates our Community Guidelines.

Details: